| 000 | 00351nam a2200133 4500 | ||
|---|---|---|---|
| 005 | 20260530113853.0 | ||
| 100 | 1 |
_aEmily Campbell _931472 |
|
| 245 | 1 | 0 | _aMy World: The new Subjectivity in Design |
| 264 | 1 |
_bBritish Council _c2004 |
|
| 300 | _a40 páginas | ||
| 336 |
_atexto _2rdacontent |
||
| 337 |
_asin medio _2rdamedia |
||
| 338 |
_avolumen _2rdacarrier |
||
| 999 |
_c11540 _d11540 |
||